000
00200 a2200109 4500
020
_a
9780399153624
041
_a
eng
100
_a
Patricia Cornwell
245
_a
At Risk
942
_c
BK
952
_7
1
999
_c
22223
_d
22223